Memoria 1997 : LVLL Aniversario.

Guardat en:
Dades bibliogràfiques
Format: Desconegut
Idioma:Spanish
Publicat: San José, Costa Rica : [editor no identificado], 1997.
Matèries:
Etiquetes: Afegir etiqueta
Sense etiquetes, Sigues el primer a etiquetar aquest registre!

MARC

LEADER 000000000a22000000004500
001 003576
041 0 |a spa 
082 0 4 |a 378.728.6   |b M533mq 
245 0 0 |a Memoria 1997 :   |b LVLL Aniversario. 
260 1 |a San José, Costa Rica :   |b [editor no identificado],   |c 1997. 
300 |a 31 páginas :   |b ilustraciones 
650 4 |a UNIVERSIDAD DE COSTA RICA 
650 4 |a ANIVERSARIOS 
999 |c 10074  |d 10074 
942 |c BK  |h 378.728.6 M533mq  |2 z